书目信息 |
| 题名: |
最有趣的韩语故事
|
|
| 作者: | 史丽萍 编著 | |
| 分册: | 基础篇 | |
| 出版信息: | 北京 北京语言大学出版社 2008.06 |
|
| 页数: | 132页 | |
| 开本: | 19cm | |
| 丛书名: | 即听即读即说系列 | |
| 单 册: | ||
| 中图分类: | H559.4:I | |
| 科图分类: | ||
| 主题词: | 朝鲜语--chao xian yu--汉语--对照读物 , 故事--gu shi--韩国--现代--选集 | |
| 电子资源: | ||
| ISBN: | 978-7-5619-2132-6 | |
| 000 | 01105nam 2200277 450 | |
| 001 | 012008241747 | |
| 005 | 20081219191621.34 | |
| 010 | @a978-7-5619-2132-6@dCNY15.80 (含光盘) | |
| 010 | @a978-7-88703-597-4@b光盘 | |
| 100 | @a20081219d2008 em y0chiy0120 ea | |
| 101 | 0 | @achi@akor |
| 102 | @aCN@b110000 | |
| 105 | @aa z 000fy | |
| 106 | @ar | |
| 200 | 1 | @a最有趣的韩语故事@Azui you qu de han yu gu shi@i基础篇@f史丽萍编著@Fshi li ping bian zhu |
| 210 | @a北京@c北京语言大学出版社@d2008.06 | |
| 215 | @a132页@c图@d19cm@e光盘1片 | |
| 225 | 2 | @a即听即读即说系列@Aji ting ji du ji shuo xi lie |
| 330 | @a本书的主要内容是102个韩语幽默故事。每个故事都提供了中文译文、重点词语,有些故事还提供了相关的文化背景说明。本书还配有幽默的插图,和由韩籍语言专家录音的光盘一张。读者可在阅读的同时,训练听力,并学习纯正的韩语语音。 | |
| 410 | 0 | @12001 @a即听即读即说系列 |
| 606 | 0 | @a朝鲜语@Achao xian yu@x汉语@j对照读物 |
| 606 | 0 | @a故事@Agu shi@y韩国@z现代@j选集 |
| 690 | @aH559.4:I@v4 | |
| 701 | 0 | @a史丽萍@Ashi li ping@4编著 |
| 801 | 0 | @aCN@bQSSK@c20081219 |
| 905 | @b735876-77@dH559.4:I@eS577@f2 | |
| 最有趣的韩语故事.基础篇/史丽萍编著.-北京:北京语言大学出版社,2008.06 |
| 132页:图;19cm+光盘1片.-(即听即读即说系列) |
| ISBN 978-7-5619-2132-6:CNY15.80 (含光盘) |
| 本书的主要内容是102个韩语幽默故事。每个故事都提供了中文译文、重点词语,有些故事还提供了相关的文化背景说明。本书还配有幽默的插图,和由韩籍语言专家录音的光盘一张。读者可在阅读的同时,训练听力,并学习纯正的韩语语音。 |
| ● |
| 相关链接 |
|
|
|
正题名:最有趣的韩语故事
索取号:H559.4:I/S577
 
预约/预借
| 序号 | 登录号 | 条形码 | 馆藏地/架位号 | 状态 | 备注 |
| 1 | 735876 | 207358768 | 语言库209/209语言库 138排1列5层/ [索取号:H559.4:I/S577] | 在馆 | |
| 2 | 735877 | 207358777 | 语言库209/209语言库 138排1列5层/ [索取号:H559.4:I/S577] | 在馆 |